Normal view MARC view
  • John K.Cooley

Entry Personal Name

Number of records used in: 1

001 - CONTROL NUMBER

  • control field: 28511

003 - CONTROL NUMBER IDENTIFIER

  • control field: NUST

005 - DATE AND TIME OF LATEST TRANSACTION

  • control field: 20200218111519.0

008 - FIXED-LENGTH DATA ELEMENTS

  • fixed length control field: 200218|| aca||aabn | a|a d

040 ## - CATALOGING SOURCE

  • Original cataloging agency: NUST
  • Transcribing agency: NUST

100 ## - HEADING--PERSONAL NAME

  • Personal name: John K.Cooley

670 ## - SOURCE DATA FOUND

  • Source citation: Work cat.: (NUST): John K.Cooley, Ghair Muqaddas Jangein Kabul se Baghdad - غیر مقدس جنگیں. کابل سے بغداد تک, c2010
© 2023 Central Library, National University of Sciences and Technology. All Rights Reserved.